000 02186cam a2200145 4500500
005 20260405085450.0
041 _afre
042 _adc
100 1 0 _aAtlani-Duault, Laëtitia
_eauthor
700 1 0 _aVidal, Laurent
_eauthor
245 0 0 _aAnthropologie de l'aide humanitaire et du développement : Des pratiques aux savoirs, des savoirs aux pratiques
260 _bArmand Colin,
_c2009.
520 _aLorsque les aventuriers de l'Arche de Zoé veulent agir pour le bonheur des autres, c'est l'aide humanitaire dans son ensemble qui est mise en accusation. Au-delà du déchaînement médiatique, se joue là pour l'anthropologie la figure bien connue de la rencontre avec l'autre qu'il s'agit d'« aider ». Dans ce contexte troublé, ce livre vient à point nommé pour exposer ce que peut être, aujourd'hui, une anthropologie de l'aide humanitaire et du développement, entre engagement et distance critique. Un premier chapitre en pose le cadre théorique, grâce à une démarche à la fois historique et prospective. Les chapitres suivants rassemblent des anthropologues de nationalités multiples qui se penchent chacun sur un domaine d'intervention et de recherche particulier : les réfugiés, le monde rural, l'environnement, l'assainissement urbain, la santé, l'alimentation, ou le genre. Études de cas sur divers continents, revues de la littérature internationale et analyses approfondies offrent au lecteur des clés pour comprendre les pratiques et les enjeux de la recherche anthropologique, tout en l'invitant à découvrir comment, sur le terrain, se déploient l'aide humanitaire et les interventions de développement. Plaçant au centre de ses préoccupations les hommes et les femmes en action qui font, au quotidien, leurs sociétés, leurs cultures et leur développement, cette anthropologie de l'aide humanitaire et du développement relève le défi de mettre ces mondes : souvent divergents et conflictuels : en relations, afin de leur donner un sens et une forme sur lesquels il est possible d'agir.
856 4 1 _uhttps://shs.cairn.info/anthropologie-l-aide-humanitaire-et-developpement--9782200350734?lang=fr&redirect-ssocas=7080
999 _c2197794
_d2197794